[Event "GER-ch U10"]
[Site "Oberhof"]
[Date "2010.05.28"]
[Round "10"]
[White "Roessler, Linus Benedict"]
[Black "Gauchel, Lorenz"]
[Result "1/2-1/2"]
[WhiteElo "1105"]
[BlackElo "1451"]
[PlyCount "73"]
[EventDate "2010.05.22"]
[EventType "swiss"]
[EventRounds "11"]
[EventCountry "GER"]
[SourceTitle "CBM 136 Extra"]
[Source "ChessBase"]
[SourceDate "2010.07.02"]
[SourceVersion "2"]
[SourceVersionDate "2010.07.15"]
[SourceQuality "1"]

1. e4 Nf6 2. e5 Nd5 3. d4 d6 4. c4 Nb6 5. exd6 exd6 6. Nc3 Nc6 7. b3 Be7 8. Nf3 0-0 9. Be2 Bg4 10. 0-0 Bf6 11. Be3 Re8 12. Rc1 d5 13. c5 Nc8 14. Re1 N8e7 15. h3 Bh5 16. a3 Bg6 17. b4 Nf5 18. b5 Na5 19. Bf4 c6 20. a4 Nxd4 21. Nxd4 Bxd4 22. Qxd4 Nb3 23. Qb4 Nxc1 24. Rxc1 Qf6 25. Be3 Rad8 26. Bd4 Qg5 27. Re1 Bf5 28. Kf1 Re6 29. Be3 Qf6 30. Bd4 Qh4 31. Ra1 Rde8 32. bxc6 bxc6 33. Rd1 Qe7 34. Rd2 Qg5 35. Qb2 Qh4 36. Be3 Qe7 37. Bd4 1/2-1/2

[Event "GER-ch U10"]
[Site "Oberhof"]
[Date "2010.05.27"]
[Round "8"]
[White "Gungl, Theo"]
[Black "Gauchel, Lorenz"]
[Result "1-0"]
[WhiteElo "1682"]
[BlackElo "1451"]
[PlyCount "69"]
[EventDate "2010.05.22"]
[EventType "swiss"]
[EventRounds "11"]
[EventCountry "GER"]
[SourceTitle "CBM 136 Extra"]
[Source "ChessBase"]
[SourceDate "2010.07.02"]
[SourceVersion "2"]
[SourceVersionDate "2010.07.15"]
[SourceQuality "1"]

1. d4 d5 2. c4 e6 3. Nf3 Nf6 4. Bg5 c6 5. e3 Nbd7 6. Nc3 Qa5 7. a3 Be7 8. b4 Qd8 9. Bd3 dxc4 10. Bxc4 Nd5 11. Bxe7 Qxe7 12. Qc2 0-0 13. 0-0 Re8 14. Rfd1 Nxc3 15. Qxc3 Nb6 16. Bd3 Nd5 17. Qc2 h6 18. Ne5 Bd7 19. Bh7+ Kh8 20. Bg6 f5 21. Bxe8 Qxe8 22. Rac1 a6 23. e4 Nf6 24. exf5 exf5 25. Re1 Qc8 26. Ng6+ Kh7 27. Ne7 Qd8 28. Nxf5 Bxf5 29. Qxf5+ Kg8 30. h3 Qxd4 31. Re7 Qd2 32. Rce1 Rf8 33. Qg6 Ne8 34. Rxe8 Qxf2+ 35. Kh1 1-0

[Event "GER-ch U10"]
[Site "Oberhof"]
[Date "2010.05.24"]
[Round "4"]
[White "Hartmann, Martin"]
[Black "Gauchel, Lorenz"]
[Result "1/2-1/2"]
[WhiteElo "1223"]
[BlackElo "1451"]
[PlyCount "64"]
[EventDate "2010.05.22"]
[EventType "swiss"]
[EventRounds "11"]
[EventCountry "GER"]
[SourceTitle "CBM 136 Extra"]
[Source "ChessBase"]
[SourceDate "2010.07.02"]
[SourceVersion "2"]
[SourceVersionDate "2010.07.15"]
[SourceQuality "1"]

1. e4 Nf6 2. e5 Nd5 3. d4 d6 4. c4 Nb6 5. Nf3 Nc6 6. Nc3 Bg4 7. Be2 dxe5 8. d5 Bxf3 9. Bxf3 Nd4 10. c5 Nxf3+ 11. Qxf3 Nd7 12. Be3 g6 13. 0-0 Bg7 14. Rfd1 Qc8 15. Rac1 0-0 16. d6 exd6 17. cxd6 c6 18. Nd5 Qd8 19. Nc7 Rc8 20. Bxa7 Qf6 21. Qxf6 Bxf6 22. Rd3 Bd8 23. Bb6 Nxb6 24. Rb3 Bxc7 25. dxc7 Nd5 26. Rxb7 Rxc7 27. Rxc7 Nxc7 28. Rxc6 Rd8 29. g3 Ne6 30. b4 Ra8 31. Rc2 Nd4 32. Rb2 Kf8 1/2-1/2